00446cam a22001337a 4500008004000000082001500040100002400055245007100079260002500150300001300175650001900188999001900207952008600226180718b1959 xxu||||| |||| 00| 0 eng d aA6x64 B234 aBarbour, Nevill, ed aSurvey of North West Africa (the Maghrib)cedited by Nevil Barbour aLondonbOxfordc1959 axi, 406p aAfrica, North. c413146d413146 00104070aIIPAbIIPAd2009-02-11oA6x64 B234p18032r2018-07-21w2018-07-21yBK